| 000 | 00382nam a2200157Ia 4500 | ||
|---|---|---|---|
| 008 | 250916s9999 xx 000 0 und d | ||
| 020 | _a978-1-292-72820-9 | ||
| 082 | _a004.16 EVA | ||
| 100 | _aEvans, Alan | ||
| 245 | 0 | _aTechnology in action | |
| 250 | _a18th | ||
| 260 |
_aSingapor: _bPearson education, _c2023 |
||
| 300 | _a633 p. | ||
| 600 | _aComputer Science | ||
| 942 | _cBK | ||
| 999 |
_c31634 _d31634 |
||